[Event "2022 WA Closed Championship"]
[Site "Leeming, Perth WA"]
[Date "2022.05.15"]
[Round "1"]
[White "Holland, Dennis"]
[Black "Hare, Tim"]
[Result "1/2-1/2"]
[WhiteElo "2027"]
[BlackElo "2186"]
[EventDate "2022.05.15"]

1.d4 d6 2.e4 g6 3.Nc3 Bg7 4.Be3 a6 5.Qd2 b5 6.a3 Nd7 7.Nf3 Bb7 8.d5 c5 9.
dxc6 Bxc6 10.Nd4 Bb7 11.f3 Rc8 12.Be2 Nc5 13.O-O Nf6 14.Bh6 O-O 15.Bxg7 
Kxg7 16.Bd3 e5 17.Nde2 d5 18.exd5 Bxd5 19.Qg5 Nxd3 20.cxd3 Qb6+ 21.Kh1 Qe6
22.Rfe1 h6 23.Qg3 Qf5 24.d4 e4 25.fxe4 Bxe4 26.Qe5 Rfe8 27.Qxf5 Bxf5 28.
Ng3 Rxe1+ 29.Rxe1 Be6 30.Kg1 Rd8 31.Rd1 Bb3 32.Rd2 Ng4 33.Nge4 Re8 34.h3 
f5 35.hxg4 fxe4 36.Re2 e3 37.Kh2 a5 38.Nxb5 Bc4 39.Nd6 Bxe2 40.Nxe8+ Kf8 
41.Nf6 Bxg4 42.Kg3 Bc8 43.Nd5 e2 44.Kf2 Bb7 45.Ne3 Ba6 46.g3 Kf7 47.Nd5 h5
48.b4 axb4 49.axb4 g5 50.Nc3 h4 51.gxh4 gxh4 52.Nxe2 Ke6 53.Nf4+ Kd6 54.
Kf3 Bc8 55.Ke4 h3 56.Nxh3 Bxh3 57.b5 Bg2+ 58.Kd3 1/2-1/2

[Event "2022 WA Closed Championship"]
[Site "Leeming, Perth WA"]
[Date "2022.05.22"]
[Round "1"]
[White "Fu, Yihe (Rebo)"]
[Black "Vlietstra, Marc"]
[Result "1-0"]
[WhiteElo "2292"]
[BlackElo "2031"]
[EventDate "2022.05.15"]

1.e4 c5 2.Nf3 d6 3.d4 cxd4 4.Nxd4 Nf6 5.Nc3 a6 6.Bg5 e6 7.f4 Qc7 8.Qf3 
Nbd7 9.O-O-O Be7 10.Be2 h6 11.Bh4 g5 12.fxg5 Ne5 13.Qe3 hxg5 14.Bxg5 Nfg4 
15.Bxg4 Nxg4 16.Qd2 Bxg5 17.Qxg5 Nf2 18.Qf6 Nxh1 19.Qxh8+ Ke7 20.Nf5+ 1-0

[Event "2022 WA Closed Championship"]
[Site "Leeming, Perth WA"]
[Date "2022.06.21"]
[Round "1"]
[White "Ferozkohi, Ihsan"]
[Black "Hardegen, Kathryn"]
[Result "1-0"]
[WhiteElo "2445"]
[BlackElo "2175"]
[EventDate "2022.05.15"]

1.Nf3 d5 2.d3 c5 3.Nbd2 Nf6 4.g3 Nc6 5.Bg2 e5 6.O-O Bd6 7.e4 d4 8.Nh4 Ne7 
9.f4 Bg4 10.Qe1 Nc6 11.Nc4 O-O 12.Nxd6 Qxd6 13.f5 h6 14.h3 Bh5 15.g4 g5 
16.fxg6 Bxg6 17.Bxh6 Rfe8 18.Nf5 Bxf5 19.Rxf5 Nxg4 20.Rg5+ 1-0

[Event "2022 WA Closed Championship"]
[Site "Nedlands, Perth WA"]
[Date "2022.06.23"]
[Round "1"]
[White "Gong, Patrick"]
[Black "Kurniawan, Stephanus"]
[Result "1-0"]
[WhiteElo "2508"]
[BlackElo "2441"]
[EventDate "2022.05.15"]

1.e4 e6 2.d4 d5 3.Nd2 Nf6 4.e5 Nfd7 5.f4 c5 6.c3 Nc6 7.Ndf3 Qb6 8.a3 a5 9.
b3 Be7 10.h4 f6 11.Bd3 cxd4 12.cxd4 Nf8 13.Ne2 Bd7 14.Nc3 Na7 15.Na4 Qc7 
16.Bb2 Bb5 17.Rc1 Qd8 18.Bxb5+ Nxb5 19.Qe2 Na7 20.exf6 gxf6 21.O-O Kf7 22.
Nc5 h5 23.f5 exf5 24.Qd3 b6 25.Na6 Rh7 26.Qxf5 Nb5 27.Ng5+ Kg7 28.Nxh7 
Nxh7 29.Rf3 Bd6 30.a4 Na7 31.Qxh5 Nc8 32.Rfc3 Ne7 33.Qg4+ Kh8 34.Nc7 f5 
35.Qh5 Rc8 36.Ne6 Qg8 37.Rxc8 Nxc8 38.Ng5 1-0

[Event "2022 WA Closed Championship"]
[Site "Leeming, Perth WA"]
[Date "2022.05.29"]
[Round "2"]
[White "Vlietstra, Marc"]
[Black "Gong, Patrick"]
[Result "0-1"]
[WhiteElo "2031"]
[BlackElo "2508"]
[EventDate "2022.05.15"]

1.e4 c6 2.d4 d5 3.c4 dxe4 4.Nc3 Nf6 5.f3 exf3 6.Nxf3 Bf5 7.Be2 e6 8.O-O 
Nbd7 9.Bg5 h6 10.Bh4 Bd6 11.h3 Qc7 12.Kh1 g5 13.Bf2 g4 14.hxg4 Nxg4 15.Nh4
Nxf2+ 16.Rxf2 Bg3 17.Rxf5 exf5 18.Nxf5 Nf6 19.Qd3 Bd6 20.Ne4 Be7 21.c5 
O-O-O 22.Nfd6+ Kb8 23.Nxf7 Qf4 24.Qg3 Qxg3 25.Nxg3 Rxd4 26.Nxh8 Rh4+ 27.
Kg1 Bxc5+ 28.Kf1 Ne4 29.Ke1 Nxg3 30.Kd2 Rd4+ 31.Bd3 Rf4 32.Ng6 Rf2+ 33.Kc3
a5 34.a3 Be3 35.b4 Bg5 36.Kc4 b5+ 37.Kc5 Kc7 38.Re1 Ne2 39.bxa5 Be3+ 0-1

[Event "2022 WA Closed Championship"]
[Site "Leeming, Perth WA"]
[Date "2022.05.31"]
[Round "2"]
[White "Kurniawan, Stephanus"]
[Black "Holland, Dennis"]
[Result "1-0"]
[WhiteElo "2441"]
[BlackElo "2027"]
[EventDate "2022.05.15"]

1.e4 c6 2.d3 d5 3.Nd2 e5 4.h3 Nf6 5.Ngf3 Bd6 6.g3 O-O 7.Bg2 Re8 8.O-O Nbd7
9.b3 Nf8 10.Bb2 Ng6 11.Re1 dxe4 12.dxe4 b5 13.c4 Bb7 14.Qc2 Qe7 15.Rad1 
Rad8 16.Nf1 Bb4 17.Re2 Rxd1 18.Qxd1 bxc4 19.bxc4 Bc5 20.Qb3 Ba8 21.Ne1 h5 
22.Nd3 h4 23.Nxc5 Qxc5 24.Kh2 hxg3+ 25.fxg3 Qb6 26.Qc2 Bb7 27.Ne3 Qc7 28.
c5 Ba6 29.Rd2 Rd8 30.Nf5 Ne8 31.h4 Rxd2 32.Qxd2 f6 33.Bc3 Nf8 34.Ba5 Qf7 
35.Bh3 Ne6 36.Bg2 Kh7 37.Bb4 Bb5 38.a3 Ba6 39.Bh3 N6c7 40.Nd6 Qh5 41.Bd7 
Nxd6 42.cxd6 Nb5 43.Bf5+ g6 44.d7 Nd4 45.Qf2 gxf5 46.d8=Q Nf3+ 47.Kg2 fxe4
48.Qe7+ Kh6 49.Bd2+ 1-0

[Event "2022 WA Closed Championship"]
[Site "Nedlands, Perth WA"]
[Date "2022.06.09"]
[Round "2"]
[White "Hardegen, Kathryn"]
[Black "Hare, Tim"]
[Result "1-0"]
[WhiteElo "2175"]
[BlackElo "2186"]
[EventDate "2022.05.15"]

1.e4 d6 2.d4 g6 3.f4 Bg7 4.Nc3 e6 5.Nf3 Ne7 6.Be3 a6 7.Qd2 b5 8.d5 b4 9.
Nd1 exd5 10.exd5 Nd7 11.Qxb4 O-O 12.Qd2 Nf5 13.Be2 Nxe3 14.Nxe3 Bxb2 15.
Rb1 Bg7 16.O-O Nc5 17.Bd3 f5 18.Kh1 Bd7 19.c4 Re8 20.Nc2 Qf6 21.Ncd4 Re7 
22.Bc2 Rae8 23.Qa5 Bh6 24.Qd2 Ne4 25.Bxe4 Rxe4 26.g3 Bg7 27.Rb7 Rxd4 28.
Qxd4 Qxd4 29.Nxd4 Bxd4 30.Rxc7 Ba4 31.Rc1 Be3 32.Rc3 Bd2 33.Ra3 Bc2 34.
Rxa6 Be3 35.Kg2 h6 36.Rxd6 Be4+ 37.Kh3 g5 38.Rg6+ Kf8 39.Rxh6 g4+ 40.Kh4 
Bd4 41.Kg5 Rd8 42.a4 Ra8 43.d6 Rd8 44.a5 Kg8 45.a6 Bb6 46.Rg6+ Kf8 47.Rh7 
Re8 48.Rh8+ 1-0

[Event "2022 WA Closed Championship"]
[Site "Leeming, Perth WA"]
[Date "2022.06.11"]
[Round "2"]
[White "Ferozkohi, Ihsan"]
[Black "Fu, Yihe (Rebo)"]
[Result "1-0"]
[WhiteElo "2445"]
[BlackElo "2292"]
[EventDate "2022.05.15"]

1.Nf3 d5 2.d4 Nf6 3.g3 b5 4.Bg2 Nbd7 5.Ne5 Bb7 6.a4 b4 7.a5 a6 8.c4 bxc3 
9.bxc3 e6 10.Bg5 Be7 11.Qa4 O-O 12.Nc6 Qe8 13.Nxe7+ Qxe7 14.O-O h6 15.Bf4 
Rfc8 16.Nd2 c5 17.Qa3 g5 18.Be3 Ng4 19.c4 Bc6 20.dxc5 Nxe3 21.Qxe3 dxc4 
22.Bxc6 Rxc6 23.Rfc1 Qxc5 24.Qxc5 Rxc5 25.Rxc4 Rxc4 26.Nxc4 Rc8 27.Nb6 Rc7
28.f3 Ne5 29.Kf2 Rc5 30.Ra4 Kf8 31.f4 Ng4+ 32.Kf3 Nxh2+ 33.Kg2 Rc2 34.Kxh2
Rxe2+ 35.Kg1 Ke7 36.Rc4 Ra2 37.Rc7+ Kf6 38.Nd7+ Kf5 39.fxg5 hxg5 40.Rc5+ 
Kg4 41.Nf6+ Kxg3 42.Ne4+ Kf4 43.Nxg5 e5 44.Nxf7 e4 45.Ne5 e3 46.Nd3+ Ke4 
47.Ne1 Kd4 48.Rh5 Kc4 49.Kf1 Rf2+ 50.Kg1 Ra2 51.Re5 Ra1 52.Kf1 Kb4 53.Ke2 
Rxa5 54.Nd3+ Ka4 55.Re4+ Kb5 56.Kxe3 Ra3 57.Re5+ Kb6 58.Kd4 Ra4+ 59.Kc3 
Rh4 60.Rg5 Rh3 61.Rg4 Rf3 62.Kc4 Rf6 63.Nb4 Re6 64.Rf4 Rd6 65.Nd5+ Kc6 66.
Ne7+ Kd7 67.Nf5 Rf6 68.Kd5 Rf8 69.Kc5 Kc7 70.Rf1 Rf6 71.Kd5 Kd7 72.Ke5 
Re6+ 73.Kf4 Rf6 74.Rd1+ Kc7 75.Ke5 Rc6 76.Ne7 Rh6 77.Nd5+ Kc6 78.Rc1+ Kb5 
79.Rb1+ Kc5 80.Nf4 Rh7 81.Ne6+ Kc6 82.Rc1+ Kb6 83.Kd6 Rh6 84.Rb1+ Ka7 85.
Kd7 Rg6 86.Nd8 Rb6 87.Rc1 Rb2 88.Rc7+ Ka8 89.Rc8+ Rb8 90.Rc6 Rb1 91.Kc7 
Ka7 92.Rh6 a5 93.Nc6+ Ka6 94.Nb8+ 1-0

[Event "2022 WA Closed Championship"]
[Site "Leeming, Perth WA"]
[Date "2022.06.05"]
[Round "3"]
[White "Hare, Tim"]
[Black "Kurniawan, Stephanus"]
[Result "0-1"]
[WhiteElo "2186"]
[BlackElo "2441"]
[EventDate "2022.05.15"]

1.Nf3 d5 2.g3 c6 3.Bg2 Bf5 4.d3 h6 5.O-O e6 6.c3 Nd7 7.Nbd2 Ngf6 8.Re1 Be7
9.a4 a5 10.e4 dxe4 11.dxe4 Bh7 12.Nd4 Nc5 13.e5 Nd5 14.Ne4 O-O 15.Nxc5 
Bxc5 16.Be4 Ne7 17.Bxh7+ Kxh7 18.Be3 Bxd4 19.Bxd4 b6 20.Qc2+ Kg8 21.Rad1 
Qc7 22.c4 c5 23.Bc3 Rad8 24.Rxd8 Rxd8 25.Rd1 Nf5 26.b3 h5 27.h3 Rd7 28.
Rxd7 Qxd7 29.Qe2 h4 30.g4 Ne7 31.Qd2 Qb7 32.Qe3 Ng6 33.f4 Qc7 34.Qf3 Ne7 
35.Kf2 g5 36.fxg5 Ng6 37.Ke2 Qe7 38.Qf6 Qc7 39.Qf3 Qd7 40.Ke3 Qd8 41.Ke4 
Qxg5 42.Qe3 Qd8 43.Qf3 Qf8 44.Bd2 Qa8+ 45.Ke3 Qb8 46.Bc3 Qc7 47.Qa8+ Kg7 
48.Qf3 Qd7 49.Qf6+ Kg8 50.Qf3 Qd8 51.Ke4 Qe7 52.Bd2 Qd7 53.Bc3 Qd8 54.Ke3 
Qg5+ 55.Ke2 Qc1 56.Bd2 Qb2 57.Qc3 Qa2 58.Kf3 Qb1 59.Ke2 Qh1 60.Qe3 Qb1 61.
Kf2 Qd1 62.Kg2 Qa1 63.Qc3 Qb1 64.Qe3 Qd1 65.Kf2 Qh1 66.Ke2 Qh2+ 67.Kd1 
Nxe5 68.Qg5+ Ng6 69.Qd8+ Kg7 70.Bc3+ e5 71.g5 Qxh3 72.Qf6+ Kg8 73.Bxe5 
Qd3+ 74.Kc1 Qe3+ 75.Kc2 Qxe5 0-1

[Event "2022 WA Closed Championship"]
[Site "Leeming, Perth WA"]
[Date "2022.06.05"]
[Round "3"]
[White "Holland, Dennis"]
[Black "Vlietstra, Marc"]
[Result "1/2-1/2"]
[WhiteElo "2027"]
[BlackElo "2031"]
[EventDate "2022.05.15"]

1.d4 Nf6 2.Nc3 d5 3.Bf4 Bf5 4.f3 e6 5.g4 Bg6 6.h4 h5 7.g5 Nfd7 8.e3 Bb4 9.
Bd3 Bxc3+ 10.bxc3 Bxd3 11.cxd3 c5 12.Qa4 O-O 13.Bxb8 Rxb8 14.Qxa7 Qc7 15.
Qa3 e5 16.Ne2 Rfe8 17.Kf2 exd4 18.cxd4 cxd4 19.Nxd4 Rxe3 20.Kxe3 Qe5+ 21.
Kf2 Qxd4+ 22.Kg2 Ne5 23.Rad1 Rc8 24.Rc1 Rxc1 25.Qxc1 Nxd3 26.Qc8+ Kh7 27.
Qf5+ Kg8 28.Qc8+ Kh7 29.Qf5+ Kg8 1/2-1/2

[Event "2022 WA Closed Championship"]
[Site "Leeming, Perth WA"]
[Date "2022.06.16"]
[Round "3"]
[White "Gong, Patrick"]
[Black "Ferozkohi, Ihsan"]
[Result "1-0"]
[WhiteElo "2508"]
[BlackElo "2445"]
[EventDate "2022.05.15"]
[FlipB "1"]

1.e4 d5 2.exd5 Qxd5 3.Nc3 Qd8 4.d4 Nf6 5.Be3 a6 6.h3 Nc6 7.Nf3 e6 8.g4 Bb4
9.a3 Bxc3+ 10.bxc3 b5 11.c4 bxc4 12.Bxc4 Bb7 13.Rg1 Nd5 14.Bd2 Nb6 15.Be2 
Nxd4 16.Nxd4 Qxd4 17.Bb4 Qe5 18.Rg3 Rd8 19.Qc1 Nd5 20.Bd2 Qe4 21.Qb2 Qh1+ 
22.Bf1 Qe4+ 23.Be2 Nf6 24.Be3 Qh1+ 25.Bf1 O-O 26.c4 Rfe8 27.f3 Rd3 28.Kf2 
Bxf3 29.Bg2 Qh2 30.Rxf3 Ne4+ 31.Kf1 Ng3+ 32.Kf2 Ne4+ 33.Kf1 Rxe3 34.Rxe3 
Qf4+ 35.Rf3 Nd2+ 36.Kf2 Nxf3 37.Bxf3 Rd8 38.Rd1 Re8 39.Qd4 Qg5 40.Qe3 Qf6 
41.Rd2 h6 42.Kg2 Rb8 43.Qd4 Qg5 44.Re2 g6 45.Qe3 Qe7 46.c5 Rb5 47.Rc2 Kh7 
48.Be2 Rb1 49.Bxa6 Qd7 50.Rf2 Qd1 51.Rxf7+ Kg8 52.Rf1 Qd5+ 53.Kg1 Rb2 54.
Rf2 Rb3 55.Qxh6 Qd1+ 56.Bf1 1-0

[Event "2022 WA Closed Championship"]
[Site "Leeming, Perth WA"]
[Date "2022.06.26"]
[Round "3"]
[White "Fu, Yihe (Rebo)"]
[Black "Hardegen, Kathryn"]
[Result "1-0"]
[WhiteElo "2292"]
[BlackElo "2175"]
[EventDate "2022.05.15"]

1.e4 c5 2.Nf3 Nc6 3.d4 cxd4 4.Nxd4 Nf6 5.Nc3 d6 6.Be2 g6 7.Be3 Bg7 8.Qd2 
h5 9.f3 Bd7 10.O-O-O a6 11.h4 Rc8 12.Kb1 Ne5 13.Nd5 Nxd5 14.exd5 Qc7 15.
Bg5 Qc5 16.Nb3 Qc7 17.Rhe1 f6 18.Bf4 Kf7 19.Nd4 Qc5 20.Nb3 Qf2 21.Nd4 Qxg2
22.Rg1 Nc4 23.Rxg2 Nxd2+ 24.Bxd2 b5 25.Rdg1 f5 26.Nb3 Bh6 27.Rxg6 Bxd2 28.
Nxd2 Rc5 29.c4 f4 30.Rg7+ Kf8 31.Ne4 Bf5 32.b3 bxc4 33.Bxc4 a5 34.Kb2 Rc8 
35.R7g5 1-0

[Event "2022 WA Closed Championship"]
[Site "Leeming, Perth WA"]
[Date "2022.06.12"]
[Round "4"]
[White "Fu, Yihe (Rebo)"]
[Black "Gong, Patrick"]
[Result "1/2-1/2"]
[WhiteElo "2292"]
[BlackElo "2508"]
[EventDate "2022.05.15"]

1.e4 c6 2.d4 d5 3.e5 Bf5 4.Nf3 e6 5.Be2 Bb4+ 6.c3 Ba5 7.Nbd2 Nd7 8.O-O f6 
9.Nb3 Bc7 10.Bd3 Bxd3 11.Qxd3 Qe7 12.Bf4 f5 13.c4 dxc4 14.Qxc4 h6 15.h4 
Qf7 16.Nc5 Nxc5 17.dxc5 Ne7 18.b4 O-O 19.a4 Rfd8 20.Rfd1 Rd5 21.Rd2 a6 22.
Rad1 Qh5 23.Rxd5 Nxd5 24.Bc1 Kh7 25.Rd4 Rb8 26.Qc2 Kh8 27.Rc4 Rf8 28.Qb3 
f4 29.Bb2 Bd8 30.b5 axb5 31.axb5 Bxh4 32.bxc6 bxc6 33.Qb7 Qg4 34.Bc1 Be7 
35.Qxc6 Rb8 36.Qa4 Qg6 37.c6 Qe8 38.Qc2 Rb4 39.Nd4 Qc8 40.Bd2 Rxc4 41.Qxc4
Bd8 42.Bb4 Bb6 43.Bc5 Bc7 44.Bd6 Bb6 45.Nb5 Qa6 46.c7 Bxc7 47.Bxc7 Nxc7 
48.Qxc7 Qxb5 49.Qc8+ Kh7 50.Qxe6 Qb1+ 51.Kh2 Qe4 52.f3 Qg6 53.Qh3 Kg8 54.
Qh4 Qf5 55.Qe7 Qh5+ 56.Kg1 Qf7 57.Qd6 Qa7+ 58.Kh2 Qe3 59.e6 Qe1 60.Qd8+ 
Kh7 61.Qd3+ Kg8 62.Qd8+ Kh7 63.e7 Qh4+ 64.Kg1 Qe1+ 65.Kh2 Qh4+ 1/2-1/2

[Event "2022 WA Closed Championship"]
[Site "Leeming, Perth WA"]
[Date "2022.06.12"]
[Round "4"]
[White "Vlietstra, Marc"]
[Black "Hare, Tim"]
[Result "1/2-1/2"]
[WhiteElo "2031"]
[BlackElo "2186"]
[EventDate "2022.05.15"]

1.e4 d6 2.b3 Nf6 3.f3 e5 4.Bc4 Be7 5.Bb2 c6 6.d4 Qc7 7.Ne2 Nbd7 8.Nbc3 b5 
9.Bd3 a6 10.Qd2 h6 11.a4 b4 12.Nd1 a5 13.Ne3 g6 14.h4 h5 15.O-O-O Bb7 16.
Kb1 Rd8 17.Nc4 Rh7 18.f4 Ng4 19.Rdf1 d5 20.Nxe5 Ndxe5 21.fxe5 dxe4 22.Bxe4
Qxe5 23.Qf4 Qxf4 24.Nxf4 f5 25.Bd3 Rd6 26.Re1 Nf2 27.Rhf1 Nxd3 28.Nxd3 Ba6
29.Rf3 Bxd3 30.Rxd3 Kd7 31.Re5 Rd5 32.g3 Bd6 33.Ree3 Rf7 34.Rf3 Re7 35.Bc1
Re4 36.Be3 Bc7 37.Kb2 Bd8 38.c4 bxc3+ 39.Kxc3 Bf6 40.Rf4 Re6 41.Kc4 g5 42.
hxg5 Bxg5 43.Rf3 Bxe3 44.Rfxe3 Red6 45.Re5 Rxe5 46.dxe5 Rxd3 47.Kxd3 c5 
48.Ke3 Ke7 49.Kf3 Kf7 50.Ke3 1/2-1/2

[Event "2022 WA Closed Championship"]
[Site "Leeming, Perth WA"]
[Date "2022.06.16"]
[Round "4"]
[White "Hardegen, Kathryn"]
[Black "Kurniawan, Stephanus"]
[Result "0-1"]
[WhiteElo "2175"]
[BlackElo "2441"]
[EventDate "2022.05.15"]

1.c4 Nf6 2.Nc3 g6 3.Nf3 Bg7 4.g3 O-O 5.Bg2 c6 6.O-O d5 7.d4 dxc4 8.e4 b5 
9.Ne5 Bb7 10.Be3 Nbd7 11.f4 Qc7 12.d5 Nxe5 13.fxe5 Ne8 14.dxc6 Bxc6 15.Nd5
Qxe5 16.Bf4 Qe6 17.Bg5 f6 18.Bd2 Rd8 19.Qc2 Bxd5 20.exd5 Qb6+ 21.Kh1 Nc7 
22.a4 a6 23.axb5 axb5 24.Ba5 Qc5 25.Qd2 Qd6 26.Bb4 Qd7 27.Ra7 Rc8 28.Re1 
Rfe8 29.Re6 Ra8 30.Rxa8 Rxa8 31.Rxe7 Ra1+ 32.Re1 Rxe1+ 33.Qxe1 Bf8 34.Bxf8
Kxf8 35.Qb4+ Kg7 36.Qc5 Ne8 37.Bf3 Nd6 38.Qc6 Qd8 39.Bg4 f5 40.Bf3 h5 41.
Qc5 Qf6 42.Qa7+ Kh6 43.Qe3+ Kh7 44.Qa7+ Qg7 45.Qc5 Qe5 46.Qa7+ Kh6 47.Qb8 
Qf6 48.h4 f4 49.gxf4 Qxh4+ 50.Kg2 Qxf4 51.Qh8+ Kg5 52.Qd8+ Qf6 0-1

[Event "2022 WA Closed Championship"]
[Site "Leeming, Perth WA"]
[Date "2022.06.20"]
[Round "4"]
[White "Ferozkohi, Ihsan"]
[Black "Holland, Dennis"]
[Result "1-0"]
[WhiteElo "2445"]
[BlackElo "2027"]
[EventDate "2022.05.15"]

1.Nf3 d5 2.g3 Nf6 3.Bg2 c6 4.O-O Bf5 5.b3 e6 6.Bb2 Nbd7 7.d3 Bd6 8.Nbd2 
Qc7 9.e4 dxe4 10.dxe4 Bg4 11.Nc4 Be7 12.e5 Nd5 13.Nd6+ Kf8 14.c4 Nxe5 15.
Bxe5 Bxd6 16.Bxd6+ Qxd6 17.cxd5 cxd5 18.Rc1 Ke7 19.Qd4 Bf5 20.Qh4+ f6 21.
Nd4 Bg6 22.Nb5 Qb6 23.Rc7+ Kd8 24.Rxg7 Bd3 25.Qxf6+ Kc8 26.Rc7+ Qxc7 27.
Qxh8+ Qd8 28.Rc1+ Kd7 29.Qg7+ Ke8 30.Nc7+ 1-0

[Event "2022 WA Closed Championship"]
[Site "Leeming, Perth WA"]
[Date "2022.06.19"]
[Round "5"]
[White "Gong, Patrick"]
[Black "Hardegen, Kathryn"]
[Result "1-0"]
[WhiteElo "2508"]
[BlackElo "2175"]
[EventDate "2022.05.15"]

1.e4 c5 2.Nf3 Nc6 3.Bb5 d6 4.O-O g6 5.d4 Bd7 6.c3 Bg7 7.Re1 cxd4 8.cxd4 
Qb6 9.Nc3 Nxd4 10.Bxd7+ Kxd7 11.Nd5 Nxf3+ 12.Qxf3 Qa5 13.Bg5 f6 14.Qb3 b6 
15.Qh3+ f5 16.exf5 Be5 17.fxg6+ e6 18.Rxe5 dxe5 19.g7 1-0

[Event "2022 WA Closed Championship"]
[Site "Leeming, Perth WA"]
[Date "2022.06.19"]
[Round "5"]
[White "Holland, Dennis"]
[Black "Fu, Yihe (Rebo)"]
[Result "1-0"]
[WhiteElo "2027"]
[BlackElo "2292"]
[EventDate "2022.05.15"]

1.d4 Nf6 2.Nf3 e6 3.Bf4 c5 4.c3 b6 5.e3 Bb7 6.Nbd2 Be7 7.h3 d5 8.Ne5 Nbd7 
9.Bb5 O-O 10.Nc6 Qe8 11.Nxe7+ Qxe7 12.Nf3 Ne4 13.Ne5 Nxe5 14.Bxe5 f6 15.
Bh2 e5 16.O-O Nd6 17.Bd3 e4 18.Bxd6 Qxd6 19.dxc5 bxc5 20.Bxe4 Rad8 21.Bf3 
Ba6 22.Be2 Bc8 23.Qa4 Be6 24.Rfd1 f5 25.Qf4 Qxf4 26.exf4 Kf7 27.Rd2 Rd6 
28.b4 cxb4 29.cxb4 Rc8 30.Rd4 Rc2 31.Bf3 Rc4 32.Rad1 Rxd4 33.Rxd4 Ke7 34.
b5 Rd7 35.Ra4 Rc7 36.Kf1 Bd7 37.Ra5 Kd6 38.a4 d4 39.Ke2 Kc5 40.Kd3 Kb6 41.
Ra6+ Kc5 42.h4 Bc8 43.Rc6+ Rxc6 44.bxc6 Ba6+ 45.Kd2 Kb4 46.Bd5 Bc8 47.Bf7 
Kc5 48.Be8 Kd6 49.Kd3 Kc5 50.Bd7 Ba6+ 51.Kd2 Kd6 52.Bxf5 Kxc6 53.Bxh7 Kc5 
54.Bg6 Bb7 55.g4 Bc6 56.Bc2 Kb4 57.g5 Be8 58.f5 Kc5 59.f6 gxf6 60.g6 d3 
61.Bxd3 Bxa4 62.Bc4 Kxc4 63.g7 a5 64.g8=Q+ Kb4 65.h5 1-0

[Event "2022 WA Closed Championship"]
[Site "Leeming, Perth WA"]
[Date "2022.06.19"]
[Round "5"]
[White "Kurniawan, Stephanus"]
[Black "Vlietstra, Marc"]
[Result "0-1"]
[WhiteElo "2441"]
[BlackElo "2031"]
[EventDate "2022.05.15"]

1.Nf3 c5 2.e3 g6 3.d4 Bg7 4.c3 b6 5.dxc5 bxc5 6.Qd5 Nc6 7.Qxc5 Nf6 8.Nbd2 
O-O 9.Be2 Bb7 10.O-O d6 11.Qa3 Qc7 12.b4 Nd5 13.Bb2 a6 14.Rac1 Kh8 15.Qb3 
e6 16.c4 Nde7 17.Bxg7+ Kxg7 18.c5 dxc5 19.Qb2+ e5 20.Nc4 f6 21.bxc5 Rab8 
22.Nb6 Rfd8 23.Qa3 Nf5 24.Qc3 e4 25.Ng5 Qe7 26.Bc4 Ne5 27.Ne6+ Kh6 28.Nxd8
Rxd8 29.Be2 Nh4 30.Kh1 Nhf3 31.gxf3 exf3 32.Bd1 Ng4 33.h3 f5 34.Qc4 Be4 
35.Bxf3 Qh4 36.Kg2 Bxf3+ 37.Kxf3 Ne5+ 38.Ke2 Nxc4 39.Rxc4 Qh5+ 40.f3 Qxh3 
41.Rd4 Rb8 42.Rf2 Qh1 43.Rd1 Qh4 44.Rff1 Rxb6 45.Rh1 Rb2+ 46.Kd3 Rh2 47.
Rxh2 Qxh2 48.Rc1 Qxa2 49.Rc4 Qb1+ 50.Kd4 Qd1+ 51.Ke5 Qd3 52.Rh4+ Kg7 53.c6
Qxe3+ 54.Kd6 Qd2+ 55.Kc5 Qa5+ 0-1

[Event "2022 WA Closed Championship"]
[Site "Nedlands, Perth WA"]
[Date "2022.06.30"]
[Round "5"]
[White "Hare, Tim"]
[Black "Ferozkohi, Ihsan"]
[Result "1-0"]
[WhiteElo "2186"]
[BlackElo "2445"]
[EventDate "2022.05.15"]

1.Nf3 Nf6 2.g3 g6 3.Bg2 Bg7 4.O-O O-O 5.d3 c5 6.c3 d5 7.Nbd2 Nc6 8.Qc2 Bg4
9.h3 Bd7 10.e4 d4 11.a4 dxc3 12.bxc3 Nh5 13.Rb1 Qc7 14.Kh2 Na5 15.e5 Bxe5 
16.Nxe5 Qxe5 17.Nf3 Qc7 18.Re1 Bf5 19.Nh4 Be6 20.Bh6 Rfd8 21.Rxe6 fxe6 22.
Qe2 e5 23.Rb5 Kf7 24.Nf3 Nc6 25.Rxc5 Rd6 26.Nxe5+ Ke8 27.d4 Nf6 28.d5 Qb6 
29.Rb5 Nd4 30.cxd4 Qa6 31.Nc4 Rc8 32.Nxd6+ Qxd6 33.Rxb7 Nd7 34.Bf4 1-0

[Event "2022 WA Closed Championship"]
[Site "Leeming, Perth WA"]
[Date "2022.06.14"]
[Round "6"]
[White "Ferozkohi, Ihsan"]
[Black "Kurniawan, Stephanus"]
[Result "0-1"]
[WhiteElo "2445"]
[BlackElo "2441"]
[EventDate "2022.05.15"]

1.Nf3 Nf6 2.c4 e6 3.g3 d5 4.Bg2 Be7 5.O-O O-O 6.d4 dxc4 7.Nbd2 b5 8.Qc2 
Bb7 9.b3 cxb3 10.Nxb3 a5 11.Nc5 Bd5 12.a4 Bxc5 13.Qxc5 b4 14.Bf4 c6 15.
Bxb8 Rxb8 16.Ne5 Bxg2 17.Kxg2 Ne4 18.Nxc6 Nxc5 19.Nxd8 Nb3 20.Nc6 Nxa1 21.
Nxb8 Rxb8 22.Rxa1 Rc8 23.Rd1 Kf8 24.d5 Ke7 25.e4 Rc2 26.Kf3 Ra2 27.Ke3 
exd5 28.exd5 Rxa4 29.Kd4 Kd6 30.Kc4 Ra2 31.f4 Rc2+ 32.Kd3 Rc5 0-1

[Event "2022 WA Closed Championship"]
[Site "Leeming, Perth WA"]
[Date "2022.06.26"]
[Round "6"]
[White "Gong, Patrick"]
[Black "Holland, Dennis"]
[Result "1/2-1/2"]
[WhiteElo "2445"]
[BlackElo "2027"]
[EventDate "2022.05.15"]

1.e4 c6 2.d4 d5 3.e5 Bf5 4.Nd2 e6 5.Nb3 Nd7 6.Nf3 h6 7.Be2 Ne7 8.O-O g5 9.
Ne1 Bg6 10.f4 Qb6 11.a4 a5 12.Be3 Nf5 13.Bf2 gxf4 14.Nd3 Ne3 15.Bxe3 fxe3 
16.Qc1 c5 17.dxc5 Bxc5 18.Ndxc5 Nxc5 19.Bb5+ Nd7 20.Re1 Ke7 21.Qxe3 Qxe3+ 
22.Rxe3 Bxc2 23.Bxd7 Kxd7 24.Nc5+ Ke7 25.Rc3 b6 26.Nxe6 fxe6 27.Rxc2 Rac8 
28.Rac1 Kd7 29.Rc3 Rhf8 30.g3 Rxc3 31.Rxc3 Rf5 32.Re3 Kc6 33.Rc3+ Kb7 34.
Re3 Kc6 35.Rc3+ Kb7 36.Re3 1/2-1/2

[Event "2022 WA Closed Championship"]
[Site "Leeming, Perth WA"]
[Date "2022.07.01"]
[Round "6"]
[White "Fu, Yihe (Rebo)"]
[Black "Hare, Tim"]
[Result "1/2-1/2"]
[WhiteElo "2292"]
[BlackElo "2186"]
[EventDate "2022.05.15"]

1.e4 d6 2.d4 c6 3.Nc3 g6 4.f4 d5 5.e5 h5 6.Bd3 Nh6 7.Nf3 Bf5 8.Ne2 Bxd3 9.
Qxd3 e6 10.Be3 Be7 11.h3 h4 12.Bf2 Nf5 13.g4 hxg3 14.Nxg3 Nxg3 15.Bxg3 
Qa5+ 16.c3 Nd7 17.Ng5 Nb6 18.h4 Qb5 19.Qxb5 cxb5 20.Nf3 Nc4 21.b3 Ne3 22.
Ke2 Nf5 23.Be1 Rc8 24.Kd3 a5 25.Rh3 Kd7 26.Bf2 Rc6 27.Rah1 Rhc8 28.Rc1 b4 
29.c4 b5 30.c5 Rh8 31.Rch1 Ng7 32.Be3 Ra6 33.Bd2 Kc6 34.Ke3 1/2-1/2

[Event "2022 WA Closed Championship"]
[Site "Leeming, Perth WA"]
[Date "2022.07.03"]
[Round "6"]
[White "Hardegen, Kathryn"]
[Black "Vlietstra, Marc"]
[Result "0-1"]
[WhiteElo "2175"]
[BlackElo "2031"]
[EventDate "2022.05.15"]

1.e4 c5 2.Nf3 d6 3.d4 cxd4 4.Nxd4 Nf6 5.f4 Nxe4 6.Bd3 Nc5 7.O-O Nxd3 8.
Qxd3 Nc6 9.Be3 g6 10.Nxc6 bxc6 11.Qc3 Rg8 12.Qxc6+ Bd7 13.Qd5 Bg7 14.Nc3 
Qc8 15.Rfe1 Qc6 16.Qd2 Kf8 17.Rab1 Rc8 18.Qf2 a6 19.Kh1 h5 20.Bd4 g5 21.
Bxg7+ Rxg7 22.f5 h4 23.Re3 Qc5 24.Rf1 Rb8 25.Ne4 Qc7 26.b3 f6 27.c4 a5 28.
Nc3 Bc6 29.Nd5 Bxd5 30.cxd5 Rb5 31.Rd1 Rc5 32.Red3 Qc8 33.h3 g4 34.Qf4 
gxh3 35.Rxh3 Rc2 36.Rxh4 Rcxg2 37.Rh8+ Rg8 38.Qh6+ Ke8 39.Rxg8+ Rxg8 40.
Qh5+ Kd7 41.Qf7 Rh8+ 42.Kg2 Qc2+ 0-1

[Event "2022 WA Closed Championship"]
[Site "Nedlands, Perth WA"]
[Date "2022.06.09"]
[Round "7"]
[White "Vlietstra, Marc"]
[Black "Ferozkohi, Ihsan"]
[Result "0-1"]
[WhiteElo "2031"]
[BlackElo "2445"]
[EventDate "2022.05.15"]

1.e4 e6 2.d4 d5 3.exd5 exd5 4.c4 Nf6 5.Nf3 Bb4+ 6.Nc3 O-O 7.Be2 dxc4 8.O-O
Bxc3 9.bxc3 Be6 10.Bg5 Nbd7 11.Qc2 h6 12.Bh4 c5 13.Rad1 Qa5 14.Ne5 Nxe5 
15.dxe5 Nd5 16.Rxd5 Bxd5 17.f4 Qc7 18.g4 f6 19.exf6 Rae8 20.g5 hxg5 21.
Bxg5 gxf6 22.Bh6 Be4 23.Qd1 b5 24.Bxf8 Kxf8 25.Bf3 Bd3 26.Rf2 Qxf4 27.Bc6 
Qg5+ 28.Rg2 Qe3+ 29.Rf2 Re7 30.Qd2 Rg7+ 31.Bg2 Qxd2 32.Rxd2 Be4 33.a3 
Rxg2+ 34.Rxg2 Bxg2 35.Kxg2 a5 36.Kf3 b4 0-1

[Event "2022 WA Closed Championship"]
[Site "Leeming, Perth WA"]
[Date "2022.06.28"]
[Round "7"]
[White "Holland, Dennis"]
[Black "Hardegen, Kathryn"]
[Result "1/2-1/2"]
[WhiteElo "2027"]
[BlackElo "2175"]
[EventDate "2022.05.15"]

1.d4 d5 2.c4 Nf6 3.cxd5 Nxd5 4.e4 Nf6 5.Nc3 e6 6.Nf3 Be7 7.Be2 O-O 8.O-O 
b6 9.Qc2 Bb7 10.Rd1 Nbd7 11.Bf4 Nh5 12.Be3 Nhf6 13.Bd3 h6 14.Qd2 Re8 15.
Bc2 Bb4 16.e5 Bxc3 17.bxc3 Nh7 18.Qd3 Ndf8 19.Bc1 Rc8 20.Qe3 Qe7 21.a4 Qd7
22.a5 Qd5 23.h4 bxa5 24.Re1 c5 25.Be4 Qxe4 26.Qxe4 Bxe4 27.Rxe4 cxd4 28.
cxd4 Rc4 29.Re2 a4 30.Rea2 Rb8 31.Be3 Rb7 32.Rxa4 Rcc7 33.d5 exd5 34.Rxa7 
Rxa7 35.Rxa7 Rxa7 36.Bxa7 Ne6 37.g3 g5 38.Nd4 Nxd4 39.Bxd4 g4 40.f4 gxf3 
41.Kf2 Nf8 42.Kxf3 Ne6 43.Be3 h5 44.g4 hxg4+ 45.Kxg4 Kg7 46.Kf5 Kh7 47.Kf6
d4 48.Bd2 Kg8 49.Kf5 Kh7 50.Kf6 Kg8 51.Kf5 Kh7 52.Kf6 Kg8 1/2-1/2